000 00539cab a2200193 4500
001 ABS52773
008 090401t1995 xxu||||| |||| 00| 0 eng d
035 _a(Sirsi) u39
041 _aeng
100 _aBrown, E.
245 _aUse of English: practical applications
260 _c1995
350 _a0
490 _aEstates Gazette
_v(9517) 29 April 1995, 56(1)
520 _aCampaigns for the use of plain English, avoiding jargon.
690 _aMANAGEMENT-BUSINESS MANAGEMENT-PROFESSIONAL PRACTICE
942 _n0
948 _c04/03/1997
999 _c15
_d15